Typenbildung und Theoriegenerierung: Methoden und Methodologien qualitativer Bildungs- und Biographieforschung

Saved in:  
Bibliographic Details
Contributors: Ecarius, Jutta 1959- (Other) ; Schäffer, Burkhard 1959- (Other)
Format: Print Book
Language:German
Published: Opladen [u.a.] Budrich 2010
In:Year: 2010
Online Access: Inhaltstext (Publisher)
Table of Contents
Rezension (Publisher)
Availability in Tübingen:Present in Tübingen.
IFK: O II 585
Check availability: HBZ Gateway
Subito Delivery Service: Order now.
Keywords:

MARC

LEADER 00000cam a2200000 c 4500
001 568519078
003 DE-627
005 20260206153815.0
007 tu
008 080605s2010 gw ||||| 00| ||ger c
015 |a 08,N24,0513  |2 dnb 
015 |a 08,N24,0513  |2 dnb 
016 7 |a 988887215  |2 DE-101 
020 |a 9783866492141  |c Kt. : sfr 49.90 (freier Pr.), ca. EUR 29.90, EUR 30.80 (AT)  |9 978-3-86649-214-1 
024 3 |a 9783866492141 
035 |a (DE-627)568519078 
035 |a (DE-603)200246208 
035 |a (DE-576)281707057 
035 |a (DE-599)DNB988887215 
035 |a (OCoLC)521473771 
035 |a (OCoLC)315711269 
035 |a (OCoLC)521473771 
035 |a (DE-H357)his97196 
040 |a DE-627  |b ger  |c DE-627  |e rakwb 
041 |a ger 
044 |c XA-DE  |c XD-US 
082 0 |a 302.072  |q BSZ 
082 0 4 |a 300  |a 370 
084 |a DF 2500  |2 rvk  |0 (DE-625)rvk/19541:761 
084 |a DS 5100  |2 rvk  |0 (DE-625)rvk/19943: 
084 |a MS 2600  |2 rvk  |0 (DE-625)rvk/123641: 
084 |a MS 4050  |2 rvk  |0 (DE-625)rvk/123691: 
084 |a 81.02  |2 bkl 
084 |a 81.05  |2 bkl 
090 |a a 
245 0 0 |a Typenbildung und Theoriegenerierung  |b Methoden und Methodologien qualitativer Bildungs- und Biographieforschung  |c Jutta Ecarius; Burkhard Schäffer (Hrsg.) 
264 1 |a Opladen [u.a.]  |b Budrich  |c 2010 
300 |a 287 S.  |b Ill., graph. Darst. 
336 |a Text  |b txt  |2 rdacontent 
337 |a ohne Hilfsmittel zu benutzen  |b n  |2 rdamedia 
338 |a Band  |b nc  |2 rdacarrier 
500 |a Literaturangaben 
650 0 7 |0 (DE-588)4132300-2  |0 (DE-627)10421967X  |0 (DE-576)209634405  |a Biografieforschung  |2 gnd 
650 0 7 |0 (DE-588)4137346-7  |0 (DE-627)105650722  |0 (DE-576)209676841  |a Qualitative Methode  |2 gnd 
650 0 7 |0 (DE-588)4185105-5  |0 (DE-627)105289884  |0 (DE-576)210030208  |a Theoriebildung  |2 gnd 
650 0 7 |0 (DE-588)4061321-5  |0 (DE-627)104571705  |0 (DE-576)209139315  |a Typologie  |2 gnd 
650 0 7 |0 (DE-588)4122926-5  |0 (DE-627)105758884  |0 (DE-576)209555394  |a Bildungsforschung  |2 gnd 
650 0 7 |0 (DE-588)4038971-6  |0 (DE-627)106230158  |0 (DE-576)209032642  |a Methode  |2 gnd 
650 4 |a Empirische Sozialforschung 
650 4 |a Qualitative Sozialforschung 
650 4 |a Biographieforschung 
650 4 |a Theoriebildung 
650 4 |a Typologie 
650 4 |a Bildungsforschung 
655 7 |a Aufsatzsammlung  |0 (DE-588)4143413-4  |0 (DE-627)105605727  |0 (DE-576)209726091  |2 gnd-content 
689 0 0 |d s  |0 (DE-588)4132300-2  |0 (DE-627)10421967X  |0 (DE-576)209634405  |a Biografieforschung  |2 gnd 
689 0 1 |d s  |0 (DE-588)4137346-7  |0 (DE-627)105650722  |0 (DE-576)209676841  |a Qualitative Methode  |2 gnd 
689 0 2 |d s  |0 (DE-588)4185105-5  |0 (DE-627)105289884  |0 (DE-576)210030208  |a Theoriebildung  |2 gnd 
689 0 3 |d s  |0 (DE-588)4061321-5  |0 (DE-627)104571705  |0 (DE-576)209139315  |a Typologie  |2 gnd 
689 0 4 |d s  |0 (DE-588)4122926-5  |0 (DE-627)105758884  |0 (DE-576)209555394  |a Bildungsforschung  |2 gnd 
689 0 |5 DE-101 
700 1 |a Ecarius, Jutta  |d 1959-  |0 (DE-588)11195164X  |0 (DE-627)51049689X  |0 (DE-576)165828927  |4 oth 
700 1 |a Schäffer, Burkhard  |d 1959-  |0 (DE-588)124286437  |0 (DE-627)085761788  |0 (DE-576)294102779  |4 oth 
856 4 2 |u http://www.socialnet.de/rezensionen/isbn.php?isbn=978-3-86649-214-1  |m V:DE-601  |m B:socialnet.  |q text/html  |v 201307-05  |x Verlag  |y Rezension (socialnet.)  |3 Rezension  |7 1 
856 4 2 |u http://d-nb.info/988887215/04  |m B:DE-101  |q application/pdf  |v 20130501  |x Verlag  |3 Inhaltsverzeichnis  |7 1 
856 4 2 |u http://deposit.dnb.de/cgi-bin/dokserv?id=3116308&prov=M&dok_var=1&dok_ext=htm  |m X: MVB  |q text/html  |v 20130501  |x Verlag  |3 Inhaltstext  |7 1 
856 4 2 |u http://scans.hebis.de/HEBCGI/show.pl?20024620_toc.pdf  |m V:DE-603;B:DE-17  |q application/pdf  |3 Inhaltsverzeichnis  |7 1 
935 |i sf 
935 |i Blocktest 
936 r v |a DF 2500  |b Allgemeines und Deutschland  |k Pädagogik  |k Systematische Pädagogik  |k Wissenschaftstheorie, Forschungsmethoden, Allgemeine Grundlagen sozialwissenschaftlicher Forschung  |k Methoden empirischer Forschung in der Erziehungswissenschaft  |k Allgemeines  |k Allgemeines und Deutschland  |0 (DE-627)1270769413  |0 (DE-625)rvk/19541:761  |0 (DE-576)200769413 
936 r v |a DS 5100  |b Arbeit mit Einzelnen  |k Pädagogik  |k Sozialpädagogik, Sozialarbeit  |k Methoden und Arbeitsformen  |k Arbeit mit Einzelnen  |0 (DE-627)1270784323  |0 (DE-625)rvk/19943:  |0 (DE-576)200784323 
936 r v |a MS 2600  |b Erwachsenensoziologie, Biografie, Lebensverlauf, Lebensverlaufsforschung  |k Soziologie  |k Spezielle Soziologien  |k Erwachsenensoziologie, Biografie, Lebensverlauf, Lebensverlaufsforschung  |0 (DE-627)1271441020  |0 (DE-625)rvk/123641:  |0 (DE-576)201441020 
936 r v |a MS 4050  |b Biografie, Lebensverlauf, Lebensverlaufsforschung  |k Soziologie  |k Spezielle Soziologien  |k Soziologie der Demographie  |k Biografie, Lebensverlauf, Lebensverlaufsforschung  |0 (DE-627)1272456218  |0 (DE-625)rvk/123691:  |0 (DE-576)202456218 
936 b k |a 81.02  |j Philosophie und Theorie des Bildungswesens  |0 (DE-627)106422685 
936 b k |a 81.05  |j Bildungsforschung  |0 (DE-627)106422693 
936 s n |a d100  |2 mzub 
936 s n |a m200  |2 mzub 
951 |a BO 
ELC |b 1 
LOK |0 000 xxxxxcx a22 zn 4500 
LOK |0 001 3176174632 
LOK |0 003 DE-627 
LOK |0 004 568519078 
LOK |0 005 20101026152404 
LOK |0 008 101026||||||||||||||||ger||||||| 
LOK |0 040   |a DE-21-110  |c DE-627  |d DE-21-110 
LOK |0 541   |e 10/643 
LOK |0 689   |a s  |a Theorienbildung 
LOK |0 689   |a s  |a Typenbildung 
LOK |0 689   |a s  |a Typologie 
LOK |0 689   |a s  |a Biographieforschung 
LOK |0 689   |a s  |a Bildungsforschung 
LOK |0 689   |a s  |a Methoden 
LOK |0 689   |a s  |a Gütekriterien 
LOK |0 689   |a s  |a Qualitative Forschung 
LOK |0 689   |a s  |a Quantitative Forschung 
LOK |0 852   |a DE-21-110 
LOK |0 852 1  |c O II 585  |m p  |9 00 
LOK |0 936ln  |a 7.1 
LOK |0 938   |a 1010 
LOK |0 938   |k p 
LOK |0 939   |a 26-10-10  |b l01 
ORI |a SA-MARC-krimdoka001.raw 
SIG |a IFK: O II 585